Europejskie miasta z systemami metra - Statystyki

Ogólne statystyki
  • Ten quiz został rozwiązany 34 razy
  • Średni wynik to 39 z 59
Statystyki odpowiedzi
Państwo Miasto % Poprawnych
Hiszpania Barcelona
93%
Belgia Bruksela
93%
Hiszpania Madryt
93%
Białoruś Mińsk
93%
Francja Paryż
93%
Austria Wiedeń
93%
Grecja Ateny
90%
Finlandia Helsinki
90%
Ukraina Kijów
90%
Dania Kopenhaga
90%
Portugalia Lizbona
90%
Polska Warszawa
90%
Holandia Amsterdam
86%
Niemcy Berlin
86%
Węgry Budapeszt
86%
Wielka Brytania* Londyn
86%
Niemcy Monachium
86%
Rosja Moskwa
86%
Norwegia Oslo
86%
Rosja Petersburg
86%
Czechy Praga
86%
Bułgaria Sofia
86%
Szwecja Sztokholm
86%
Rumunia Bukareszt
83%
Niemcy Hamburg
83%
Francja Lyon
83%
Portugalia Porto
83%
Włochy Rzym
83%
Turcja Stambuł
83%
Francja Marsylia
79%
Włochy Mediolan
79%
Holandia Rotterdam
79%
Grecja Saloniki
79%
Ukraina Charków
76%
Niemcy Frankfurt
72%
Włochy Neapol
72%
Hiszpania Bilbao
69%
Włochy Turyn
69%
Wielka Brytania Glasgow
62%
Hiszpania Walencja
62%
Włochy Genewa
59%
Hiszpania Sewilla
59%
Hiszpania Malaga
55%
Rosja Kazań
52%
Ukraina Dniepr
48%
Francja Tuluza
41%
Francja Lille
38%
Francja Rennes
34%
Włochy Katania
28%
Wielka Brytania** Newcastle
28%
Rosja Niżny Nowogród
28%
Niemcy Norymberga
28%
Belgia Charleroi
17%
Ukraina Krzywy Róg
17%
Szwajcaria Lozanna
17%
Hiszpania Palma de Mallorca
17%
Rosja Samara
14%
Włochy Brescia
10%
Wielka Brytania** Sunderland
0%
Nie znaleziono quizów pasujących do podanych kryteriów
Rozkład punktacji
Procent ludzi z każdym wynikiem
Percentyl według liczby udzielonych odpowiedzi
Twoja historia wyników
Nie rozwiązałeś tego quizu